000 00300nam a2200109Ia 4500
008 231129s2014||||xx |||||||||||||| ||spa||
082 _aDVD000010 791.346 P241p
245 0 _a11 pelí­culas de detectives y misterios [pelí­cula]
260 _c2014
264 _aBogotá: Yoyo music
942 _2ddc
_cBKS
999 _c4185
_d4185